[Event "USCL"]
[Site "ICC INT"]
[Date "2006.10.18"]
[Round "8"]
[White "Bonin,J"]
[Black "Riordan,C"]
[Result "0-1"]
[WhiteElo "2315"]
[BlackElo "2253"]

1.d4 Nf6 2.Nf3 g6 3.c4 Bg7 4.Nc3 O-O 5.e4 d6 6.Be2 e5 7.dxe5 dxe5 8.Qxd8 Rxd8
9.Bg5 c6 10.Nxe5 Re8 11.O-O-O Na6 12.f4 h6 13.Bh4 Nc5 14.Bf3 g5 15.Bf2 Ne6
16.f5 Nf4 17.Nd3 Nxd3+ 18.Rxd3 g4 19.Bd1 Nxe4 20.Nxe4 Bxf5 21.Nc5 b6 22.Re3 bxc5
23.Rxe8+ Rxe8 24.Bxc5 h5 25.b3 Rd8 26.Re1 Bc3 27.Rf1 Bd2+ 28.Kb2 Be4 29.Rf2 Be1
30.Re2 Rd2+ 31.Rxd2 Bxd2 32.g3 a6 33.Bc2 Bf3 34.Bf5 Kg7 35.Kc2 Be1 36.Bc8 a5
37.Kd3 Kf6 38.Ke3 h4 39.Kf4 Bd2+ 40.Be3 Bxe3+ 41.Kxe3 hxg3 42.hxg3 Ke5 43.Bb7 Kd6
44.Bc8 Kc5 45.Kd3 Kb4 46.Kc2 Ka3 47.Kc3 c5 48.Bf5 Kxa2 49.Bc2 Be2 50.Bf5 Bd1
51.Bd7 Bxb3 52.Bxg4 a4 53.Bf5 Bd1 54.Bd3 f6 55.Be4 Be2 56.Kc2 Bxc4 57.Kc3 Bb3
58.Bf5 Ka1 59.Be4 Ba2 60.Bf5 Bb1 61.Be6 a3 62.Bd5 a2 63.Kb3 Bd3 64.Kc3 c4  0-1

[Event "65th Ann FPX Festival"]
[Site "Sao Paulo BRA"]
[Date "2006.10.21"]
[Round "8"]
[White "Vescovi,G"]
[Black "Crosa,M"]
[Result "1-0"]
[WhiteElo "2592"]
[BlackElo "2386"]

1.d4 Nf6 2.c4 g6 3.Nc3 Bg7 4.e4 d6 5.Be2 O-O 6.Nf3 e5 7.d5 a5 8.Bg5 Na6 9.Nd2 Bd7
10.O-O h6 11.Bh4 Qe8 12.a3 Nh7 13.Kh1 h5 14.f3 Bh6 15.b3 Nc5 16.Rb1 f5 17.Qc2 Be3
18.b4 axb4 19.axb4 g5 20.Bf2 Bxf2 21.Rxf2 Na4 22.exf5 Nxc3 23.Qxc3 Bxf5 24.Bd3 Qg6
25.Bxf5 Qxf5 26.Ne4 Nf6 27.Nxf6+ Rxf6 28.Rbf1 Raf8 29.c5 R8f7 30.b5 dxc5
31.Qxc5 Qd3 32.Qc1 Rg7 33.Rd1 Qxb5 34.Rb2 Qa6 35.Qb1 g4 36.Ra2 Qb6 37.Ra8+ Kf7
38.Qa2 Ke7 39.Qa4 Rf8 40.Re1 Rxa8 41.Qxa8 Rg5 42.f4 Qb4 43.Rc1 exf4 44.Rxc7+ Kf6
45.Qd8+ Kf5 46.Rc1 Rg6 47.Qh4 Qd2 48.Qxh5+ Rg5 49.Qh7+ Ke5 50.Qe7+ Kd4 51.Qc5+ Ke4
52.Rc4+ Kf5 53.Qf8+ Kg6 54.Rxf4 Qd1+ 55.Rf1 Rxd5 56.Qf7+ Kg5 57.h4+  1-0

[Event "WYB18"]
[Site "Batumi GEO"]
[Date "2006.10.22"]
[Round "4"]
[White "Sydykov,A"]
[Black "Caspi,I"]
[Result "0-1"]
[WhiteElo "2264"]
[BlackElo "2359"]

1.d4 Nf6 2.c4 g6 3.Nc3 Bg7 4.e4 d6 5.Nf3 O-O 6.Be2 e5 7.Be3 exd4 8.Nxd4 c6
9.g4 Re8 10.f3 d5 11.g5 Nxe4 12.fxe4 c5 13.Ndb5 a6 14.Qa4 d4 15.Nd5 dxe3
16.Nbc7 Bd7 17.Qa3 Nc6 18.Nxa8 Nd4 19.Qd3 Qa5+ 20.Kd1 Ba4+ 21.Kc1 Bc2 22.Qxe3 Rxe4
23.Qh3 Rxe2 24.b4 Qd8 25.Qg3 Be5 26.Qh4 Be4 27.Re1 Rxe1+ 28.Qxe1 Qxg5+ 29.Qe3 Qg2
30.Kd1 Bf3+  0-1

[Event "WYG14"]
[Site "Batumi GEO"]
[Date "2006.10.22"]
[Round "4"]
[White "Le Hoan Tran Chau"]
[Black "Yu Hualin"]
[Result "0-1"]
[WhiteElo "2072"]
[BlackElo "2087"]

1.d4 Nf6 2.Nf3 g6 3.c4 Bg7 4.Nc3 O-O 5.e4 d6 6.Be2 e5 7.dxe5 dxe5 8.Bg5 c6
9.Qxd8 Rxd8 10.Nxe5 Re8 11.f4 h6 12.Bxf6 Bxf6 13.O-O-O Bxe5 14.fxe5 Be6 15.Rd6 Nd7
16.Rhd1 Nxe5 17.b3 h5 18.Bf3 Bg4 19.Bxg4 hxg4 20.Ne2 Kg7 21.Ng1 Rh8 22.h3 gxh3
23.gxh3 Rh4 24.Re1 Re8 25.Kd2 Re7 26.Re3 Rf4 27.Ne2 Rf1 28.Nc1 f6 29.a4 Nf7
30.Rd4 Ng5 31.Kc2 Rh1 32.e5 fxe5 33.Rh4 Rf7 34.Nd3 Nf3 35.Rhe4 Rxh3 36.Nxe5 Rh2+
37.Kc3 Nxe5 38.Rxe5 Rhf2 39.Kb4 R2f5 40.Re6 g5 41.Rg3 a5+ 42.Ka3 Rc7 43.Rg4 b5
44.axb5 cxb5 45.cxb5 Rxb5 46.Ka4 Rf5 47.Ka3 Rc3 48.Ra4 Rb5 49.Rd4 Rcxb3+
50.Ka2 Rf3 51.Rd7+ Rf7 52.Rdd6 Rbf5 53.Rg6+ Kh7 54.Ra6 Re7 55.Kb3 Rd7 56.Kc3 Rc5+
57.Kb3 Rb7+ 58.Ka3 Rf5 59.Ka2 Rf2+ 60.Ka3 Rf3+ 61.Ka2 Re7 62.Rh6+ Kg7 63.Rh2 Re5
64.Kb1 Ref5 65.Kc1 Rf1+ 66.Kd2 R1f2+ 67.Rxf2 Rxf2+ 68.Ke3 Rf6 69.Rxa5 Kg6
70.Ra8 Kh5 71.Ke4 Kg4 72.Ke5 Rf3 73.Ra1 Kh3 74.Ke4 Rf8 75.Ra3+ Kh4 76.Ra7 g4
77.Rh7+ Kg3 78.Rg7 Kh3 79.Ke3 g3 80.Ke2 Kg2 81.Rg6 Re8+ 82.Kd3 Kf2 83.Rf6+ Kg1
84.Rg6 g2 85.Rg7 Rh8 86.Ke2 Kh2 87.Kf2 g1=Q+ 88.Rxg1 Rf8+  0-1

[Event "WYB16"]
[Site "Batumi GEO"]
[Date "2006.10.23"]
[Round "6"]
[White "Tugushi,I"]
[Black "Jorczik,J"]
[Result "0-1"]
[WhiteElo "2018"]
[BlackElo "2207"]

1.d4 Nf6 2.Nf3 g6 3.c4 Bg7 4.Nc3 d6 5.e4 O-O 6.Be2 e5 7.O-O Na6 8.a3 Qe8
9.dxe5 dxe5 10.b4 c6 11.h3 Qe7 12.Be3 Nh5 13.c5 Rd8 14.Qb3 Be6 15.Bc4 Nc7
16.Rfd1 Nf4 17.a4 Qf6 18.Bxf4 Qxf4 19.Nh2 Rd4 20.Bxe6 Nxe6 21.g3 Qf6 22.Kg2 Rad8
23.Rxd4 exd4 24.Nd1 d3 25.Ra2 Qd4 26.f3 a5 27.bxa5 Nxc5 28.Qb6 Rd7 29.Qa7 h5
30.Qb8+ Kh7 31.Qe8 Qc4 32.Rd2 Bh6 33.a6 bxa6 34.Rf2 Qxa4 35.Qe5 Qd4 36.Qe8 Qh8
37.Qxh8+ Kxh8 38.e5 Ne6 39.Ra2 Rd5 40.f4 a5 41.Nf1 h4 42.Nfe3 Rc5 43.Rb2 hxg3
44.Rb8+ Kh7 45.Ng4 Nxf4+ 46.Kf3 Nh5 47.Rb7 Kg7 48.e6 Rf5+ 49.Kg2 Nf4+  0-1

[Event "14th Chigorin Mem B"]
[Site "St-Petersburg RUS"]
[Date "2006.10.24"]
[Round "2"]
[White "Kostyuchenko,V"]
[Black "Bronnikova,E"]
[Result "0-1"]
[WhiteElo "2153"]
[BlackElo "2243"]

1.d4 Nf6 2.c4 g6 3.Nc3 d6 4.e4 Bg7 5.Nf3 O-O 6.Be2 e5 7.d5 Nbd7 8.O-O Ne8
9.Ne1 f5 10.Nd3 Ndf6 11.f3 f4 12.Bd2 g5 13.a4 Rf7 14.a5 Bf8 15.c5 Rg7 16.a6 b6
17.cxb6 cxb6 18.Nf2 h5 19.h3 Nc7 20.b4 b5 21.Nxb5 Nxb5 22.Bxb5 g4 23.Kh1 g3
24.Bc6 Rb8 25.b5 gxf2 26.Ba5 Qe7 27.Rxf2 Ne8 28.Rfa2 Nc7 29.Qf1 Na8 30.Rc1 Nb6
31.Rac2 Qh4 32.Be1 Qd8 33.Bf2 Na4 34.Kh2 Nc5 35.Rc3 Bd7 36.Qc4 Kh8 37.Qf1 Be8
38.Ra1 Qb6 39.Rcc1 Be7 40.Rcb1 Bf7 41.Be1 Rbg8 42.Ba5 Qb8 43.Ra2 Bd8 44.Bxd8 Qxd8
45.b6 Qe7 46.b7 Rb8 47.Qe1 Rg3 48.Bb5 Be8 49.Bxe8 Qxe8 50.Qa5 Qd7 51.Qb5 Rg7
52.Qxd7 Rxd7 53.Rc1 Kg7 54.Ra3 Kf7 55.h4 Ke7 56.g3 fxg3+ 57.Kxg3 Rg8+ 58.Kf2 Rdd8
59.Ke3 Kd7 60.Ra2 Rdf8 61.Rcc2 Rg3 62.Rf2 Kc7 63.Rac2 Kb8 64.Ra2 Rf4 65.Ke2 Rxh4
66.Ra1 Rf4 67.Rh1 h4 68.Rfh2 Nxa6 69.Rxh4 Rgxf3 70.Rh6 Rf6 71.Rh7 Rf2+ 72.Ke1 Rf7  0-1

[Event "WYG16"]
[Site "Batumi GEO"]
[Date "2006.10.25"]
[Round "7"]
[White "Khazhomia,S"]
[Black "Ohme,M"]
[Result "0-1"]
[WhiteElo "2121"]
[BlackElo "2145"]

1.d4 Nf6 2.c4 g6 3.Nc3 Bg7 4.e4 d6 5.Be2 O-O 6.Nf3 e5 7.d5 a5 8.Qc2 Na6 9.a3 Bd7
10.b3 Nh5 11.O-O f5 12.Ne1 Nf6 13.f3 Rf7 14.Be3 f4 15.Bf2 g5 16.Nd3 g4 17.Bh4 Qc8
18.Bxf6 Bxf6 19.fxg4 Bxg4 20.Bxg4 Qxg4 21.Qe2 Qg6 22.b4 b6 23.Kh1 Bh4 24.Rfb1 Kh8
25.Qf3 Rg8 26.bxa5 bxa5 27.Rb5 Nb8 28.Rxa5 Nd7 29.Rb5 Bg3 30.h3 Qh6 31.Rf1 Nf6
32.Qe2 Ng4 33.Rf3 Nh2 34.c5 Nxf3 35.Qxf3 Bh4 36.Ne2 Rfg7 37.cxd6 cxd6 38.g4 fxg3
39.Kg2 Rc7 40.Rb2 Rf8 41.Qg4 Rg7 42.Qe6 Qe3 43.Nef4 exf4 44.Nxf4 Qxf4  0-1

[Event "14th Chigorin Mem"]
[Site "St-Petersburg RUS"]
[Date "2006.10.25"]
[Round "3"]
[White "Levin,Ev"]
[Black "Gromova,I"]
[Result "1-0"]
[WhiteElo "2358"]
[BlackElo "2235"]

1.d4 Nf6 2.c4 g6 3.Nc3 Bg7 4.e4 d6 5.Nf3 O-O 6.Be2 e5 7.Be3 exd4 8.Nxd4 c6
9.f3 Re8 10.Bf2 d5 11.exd5 cxd5 12.c5 Nc6 13.O-O Nh5 14.Qd2 Be5 15.g3 Ng7
16.Rfd1 Be6 17.Nxe6 fxe6 18.f4 Bf6 19.Nb5 Re7 20.Rac1 a6 21.Nd6 Ne8 22.Nxe8 Qxe8
23.b4 Na7 24.Qc2 Nb5 25.Qb3 d4 26.Bxb5 Qxb5 27.Bxd4 Bxd4+ 28.Rxd4 Qe2 29.Rdd1 Rf8
30.Rf1 Kg7 31.Rce1 Qg4 32.Re5 Rd8 33.Qb2 Kf7 34.Qg2 Rd3 35.Rg5 Qd1 36.Qh3 Qe2
37.Qxh7+ Ke8 38.Qxg6+ Kd7 39.Re5 Re3 40.Rxe3 Qxe3+ 41.Kg2 Qd2+ 42.Rf2 Qxb4
43.Qd3+ Ke8 44.Rd2 Qxc5 45.Qg6+ Rf7 46.Qxe6+ Kf8 47.Qh6+ Ke7 48.Re2+ Kd8
49.Qh8+ Kc7 50.Qe5+  1-0

[Event "14th Chigorin Mem B"]
[Site "St-Petersburg RUS"]
[Date "2006.10.25"]
[Round "3"]
[White "Romanov,Va"]
[Black "Eidelson,R"]
[Result "0-1"]
[WhiteElo "1986"]
[BlackElo "2176"]

1.Nf3 Nf6 2.c4 g6 3.Nc3 Bg7 4.e4 d6 5.d4 O-O 6.Be2 Nbd7 7.O-O e5 8.Be3 h6
9.dxe5 dxe5 10.h3 c6 11.Qc1 Kh7 12.Rd1 Qe7 13.c5 Nh5 14.Na4 Nf4 15.Bf1 Ne6
16.Qc2 Re8 17.Rac1 Ndf8 18.Qc3 Ng5 19.Nxg5+ hxg5 20.Qa5 g4 21.Nb6 axb6 22.Qxa8 gxh3
23.Qa4 hxg2 24.Bxg2 b5 25.Qb4 Ne6 26.Qd2 Qh4 27.Rc3 Nf4 28.Bxf4 exf4 29.Rd3 Re5
30.f3 Rg5 31.Qf2 Rg3 32.Kf1 Bh3 33.Bxh3 Qxh3+ 34.Ke1 Rg2 35.Qf1 Qg3+  0-1

[Event "14th Chigorin Mem"]
[Site "St-Petersburg RUS"]
[Date "2006.10.25"]
[Round "3"]
[White "Khuseinkhodzhaev,M"]
[Black "Sagafos,M"]
[Result "0-1"]
[WhiteElo "2330"]
[BlackElo "2358"]

1.d4 Nf6 2.c4 g6 3.Nc3 Bg7 4.e4 d6 5.Nf3 O-O 6.Be2 e5 7.d5 a5 8.Nd2 Na6 9.a3 Nc5
10.b3 Bh6 11.Qc2 Nh5 12.Bxh5 gxh5 13.Nf1 Bxc1 14.Rxc1 Qg5 15.Ne3 f5 16.b4 axb4
17.axb4 Na6 18.h4 Qg7 19.exf5 Nxb4 20.Qb1 Na6 21.Rh3 Kh8 22.Ne4 Bxf5 23.Nxf5 Rxf5
24.Rg3 Qe7 25.Ng5 Raf8 26.Ne6 Rxf2 27.Nxf8 Qxf8 28.Qd3 Nb4 29.Qe3 Nc2+ 30.Rxc2 Rxc2
31.Rf3 Qa8 32.Kd1 Rxg2 33.Qa3 Qxa3 34.Rxa3 Rg4 35.Ra4 Kg7 36.Rb4 b5 37.Rxb5 Rxc4
38.Rb7 Kf6 39.Ke2 e4 40.Rb8 Ke5 41.Rh8 Kxd5 42.Rxh7 Kd4 43.Rxh5 Rc2+ 44.Kd1 Rh2
45.Ke1 d5 46.Kd1 c6 47.Rh6 Kd3 48.Kc1 e3  0-1

[Event "14th Chigorin Mem"]
[Site "St-Petersburg RUS"]
[Date "2006.10.25"]
[Round "4"]
[White "Khamzin,O"]
[Black "Klimov,A"]
[Result "1-0"]
[WhiteElo "2318"]
[BlackElo "2397"]

1.d4 Nf6 2.c4 g6 3.Nc3 Bg7 4.e4 d6 5.Nf3 O-O 6.Be2 Na6 7.O-O e5 8.Re1 Qe8
9.Bf1 Bg4 10.d5 Nb4 11.Be2 a5 12.Be3 Na6 13.Nd2 Bd7 14.Nb5 Qe7 15.Rb1 c5
16.dxc6 bxc6 17.Nc3 Be6 18.Bf3 Nc7 19.Na4 Rfd8 20.Qc2 d5 21.Bc5 Qe8 22.Bb6 Rdc8
23.Bxc7 Rxc7 24.cxd5 Bd7 25.d6 Rb7 26.Nc5 Rbb8 27.Be2 Ra7 28.Nc4 Rb5 29.Ne3 Rb8
30.a3 Bf8 31.Red1 Bc8 32.Qa4 Nd7 33.Qxc6 Qd8 34.Nc4 Nxc5 35.Qxc5 Rd7 36.Qxe5 Ba6
37.Qc3 Bxc4 38.Bxc4 Bxd6 39.Rd5 Bc7 40.g3 Rxd5 41.Bxd5 Bb6 42.Kg2 Ba7 43.Rc1 Qb6
44.Rc2 Rf8 45.h4 h5 46.Qf3 Kg7 47.b3 Bb8 48.Qc3+ Kg8 49.Qb2 Kh7 50.Rc6 Qd8
51.b4 axb4 52.Qxb4 Kg7 53.a4 Re8 54.Qb3 Qe7 55.Rb6  1-0

[Event "14th Chigorin Mem B"]
[Site "St-Petersburg RUS"]
[Date "2006.10.25"]
[Round "4"]
[White "Kostyuchenko,V"]
[Black "Ivkina,O"]
[Result "1-0"]
[WhiteElo "2153"]
[BlackElo "2206"]

1.d4 Nf6 2.c4 g6 3.Nc3 Bg7 4.e4 d6 5.Nf3 O-O 6.Be2 e5 7.d5 Nbd7 8.O-O Nc5
9.Qc2 a5 10.Bg5 h6 11.Be3 Nh5 12.g3 f5 13.Nh4 Nf4 14.Bxf4 exf4 15.Nxg6 fxe4
16.Nxf8 Qxf8 17.Nxe4 f3 18.Bd3 Nxd3 19.Qxd3 Bxb2 20.Rab1 Be5 21.Rfe1 Qf7
22.Re3 Bg4 23.Rxb7 Rf8 24.c5 dxc5 25.Ng5 Qf5 26.Qxf5 Rxf5 27.h3 Rxg5 28.hxg4 Bd6
29.Rxf3 Rxd5 30.Rb5 a4 31.Ra5 Rd4 32.Ra3 c4 33.R3xa4 c5 34.Kf1 Kf7 35.Ke2 Ke6
36.Ra8 Kd5 37.Rd8 Re4+ 38.Kf3 Re6 39.Ra6 c3 40.Raxd6+ Rxd6 41.Rxd6+ Kxd6
42.Ke2 c4 43.f4 Kc5 44.f5 Kb4 45.Kd1  1-0

[Event "14th Chigorin Mem B"]
[Site "St-Petersburg RUS"]
[Date "2006.10.26"]
[Round "5"]
[White "Stroganov,Ana"]
[Black "Eidelson,R"]
[Result "0-1"]
[WhiteElo "1898"]
[BlackElo "2176"]

1.d4 Nf6 2.Nf3 g6 3.c4 Bg7 4.Nc3 O-O 5.e4 d6 6.Be2 Nbd7 7.O-O e5 8.d5 Nc5
9.Qc2 a5 10.b3 Nh5 11.Re1 Nf4 12.Bf1 f5 13.g3 fxe4 14.Nxe4 Nxe4 15.gxf4 Nc5
16.h3 e4 17.Bb2 Bxb2 18.Qxb2 exf3 19.a3 Rxf4 20.b4 Ne4 21.Re3 Qg5+ 22.Kh2 Bxh3
23.Bxh3 Qh4 24.Rae1 Ng5 25.Re8+ Rf8  0-1

[Event "14th Chigorin Mem B"]
[Site "St-Petersburg RUS"]
[Date "2006.10.27"]
[Round "6"]
[White "Zakharchenko,A"]
[Black "Barhudarian,R"]
[Result "1/2-1/2"]
[WhiteElo "2263"]
[BlackElo "2259"]

1.d4 Nf6 2.c4 d6 3.Nc3 Nbd7 4.e4 e5 5.Nf3 g6 6.Be2 Bg7 7.O-O O-O 8.Re1 Re8
9.Bf1 c6 10.d5 Qc7 11.h3 a5 12.Be3 Rf8 13.Rc1 Ne8 14.a3 c5 15.g4 Ndf6 16.Bg2 Kh8
17.Nd2 h5 18.g5 Nh7 19.Nf3 Qd8 20.Kh2 Bd7 21.Rg1 Nc7 22.Qe2 a4 23.Rb1 f6
24.gxf6 Qxf6 25.b4 axb3 26.Rxb3 Rf7 27.Bh1 Raf8 28.Rxb7 Bc8 29.Rb6 Na8 30.Rbb1 Rg8
31.Rb8 Nc7 32.Rb6 Na8 33.Rb2 Rgf8 34.Rb8 Nc7 35.Rb6  1/2-1/2

[Event "14th Chigorin Mem"]
[Site "St-Petersburg RUS"]
[Date "2006.10.27"]
[Round "6"]
[White "Rychagov,A"]
[Black "Zarubin,P"]
[Result "1-0"]
[WhiteElo "2572"]
[BlackElo "2441"]

1.d4 Nf6 2.c4 d6 3.Nf3 g6 4.Nc3 Bg7 5.e4 O-O 6.Be2 e5 7.Be3 Na6 8.O-O Ng4
9.Bg5 Qe8 10.h3 f6 11.Bd2 Nh6 12.dxe5 dxe5 13.c5 c6 14.Bxa6 bxa6 15.Qa4 Rb8
16.b3 Nf7 17.Rfe1 Qd7 18.Rad1 Qb7 19.Bc1 Qb4 20.Qxb4 Rxb4 21.Ba3 Rb7 22.Na4 Be6
23.Nb2 Bh6 24.Nd3 Rfb8 25.Bc1 Bxc1 26.Rxc1 Rd8 27.Nb2 Rb4 28.Kf1 Kf8 29.Re3 Ke7
30.Ke2 Rd7 31.Nd2 Rb5 32.a4 Rb8 33.Ndc4 Rd4 34.Na5 Nd8 35.Rd1 Rxd1 36.Kxd1 Rb4
37.Kc2 Rd4 38.Kc3 Bd7 39.Nd3 Be8 40.Re1 g5 41.Nb4 h5 42.g4 Ke6 43.f3 Rd7
44.Nxa6 Rh7 45.Rd1 Ke7 46.Nb8 hxg4 47.hxg4 Rh3 48.Rd3 Rh1 49.Rd6 Rf1 50.Nbxc6+ Nxc6
51.Nxc6+ Bxc6 52.Rxc6 Rxf3+ 53.Kc4 Re3 54.Rc7+ Ke6 55.Rxa7 Rxe4+ 56.Kb5 Rxg4
57.a5 e4 58.Ra8 Rg3 59.b4 Ke7 60.a6 e3 61.a7  1-0

[Event "14th Chigorin Mem"]
[Site "St-Petersburg RUS"]
[Date "2006.10.27"]
[Round "6"]
[White "Polschikov,A"]
[Black "Onoprienko,V"]
[Result "0-1"]
[WhiteElo "2311"]
[BlackElo "2348"]

1.e4 g6 2.d4 Bg7 3.c4 d6 4.Nc3 Nf6 5.Be2 O-O 6.Nf3 Na6 7.O-O e5 8.Rb1 exd4
9.Nxd4 Nc5 10.f3 a5 11.Be3 Re8 12.Qc2 Nh5 13.Rfd1 Qh4 14.Bf1 c6 15.Qd2 f5
16.Bf2 Qf6 17.exf5 gxf5 18.Nde2 Bf8 19.Ng3 Nxg3 20.Bxg3 Be6 21.Bxd6 Bh6 22.Qf2 Nd7
23.f4 Bg7 24.Na4 Bf7 25.b3 Bh5 26.Rd3 Re4 27.Ba3 Qd4 28.g3 Qxf2+ 29.Kxf2 Nf6
30.h3 Rae8 31.Nc5 R4e7 32.Bb2 b6 33.Rd6 Kf7 34.Bxf6 Bxf6 35.Nd3 Re4 36.Ne5+ Bxe5
37.fxe5 R8xe5 38.Rxc6 Rd4 39.Rb2 f4 40.g4 Bg6 41.Rxb6 Rd1 42.Re2 Rxf1+ 43.Kxf1 Bd3
44.Kf2 Rxe2+ 45.Kf3 Rxa2 46.Kxf4 Rb2 47.Rb5 Ke6 48.Re5+ Kf6 49.Rxa5 Rxb3
50.c5 Ke6 51.h4 Rb4+ 52.Kg5 Be2 53.Kh6 Rxg4 54.Kxh7 Rxh4+ 55.Kg7 Rg4+ 56.Kf8 Bc4
57.Ra3 Kd7 58.Ra7+ Ke6 59.Rb7 Kf6 60.Ke8 Rg8+ 61.Kd7 Rg7+ 62.Kc6 Rg1 63.Rb4 Be6
64.Rd4 Ke7 65.Kc7 Rb1 66.c6 Rb5 67.Re4 Kf6 68.Kd6 Rd5+ 69.Kc7 Rd1 70.Kb6 Rb1+
71.Kc7 Bd5 72.Rd4 Ke5 73.Rh4 Bf3 74.Rc4  0-1

[Event "14th Chigorin Mem"]
[Site "St-Petersburg RUS"]
[Date "2006.10.27"]
[Round "6"]
[White "Yevseev,D"]
[Black "Levin,Ev"]
[Result "1/2-1/2"]
[WhiteElo "2534"]
[BlackElo "2358"]

1.d4 Nf6 2.c4 g6 3.Nc3 Bg7 4.e4 d6 5.Nf3 O-O 6.Be2 e5 7.Be3 Na6 8.O-O Ng4
9.Bg5 Qe8 10.Re1 c6 11.h3 f6 12.Bc1 Nh6 13.c5 exd4 14.Bxa6 dxc3 15.Bc4+ Be6
16.Qb3 Bxc4 17.Qxc4+ Qf7 18.Qxc3 d5 19.exd5 Qxd5 20.Bf4 Rad8 21.Bd6 Rfe8
22.Be7 Ra8 23.Bxf6 Bxf6 24.Qxf6 Qxc5 25.Rxe8+ Rxe8 26.Rd1 Qe7 27.Qd4 a6 28.Qf4 Nf7
29.Re1 Qd7 30.Rxe8+ Qxe8 31.Qc7 b5 32.b4 Qe6 33.a3 Qc4 34.Kh2 Qc1 35.Nd4 Qd2
36.Qc8+ Kg7 37.Ne6+ Kf6 38.Qxc6 Qxf2 39.Nf4+ Kg7 40.Qc3+ Kf8 41.Qf6 Qe3 42.Ne6+ Ke8
43.Nc7+ Kf8 44.Nxa6 Qxa3 45.Qc6 Qd3 46.Nc5 Qc4  1/2-1/2

[Event "14th Chigorin Mem"]
[Site "St-Petersburg RUS"]
[Date "2006.10.27"]
[Round "6"]
[White "Citak,S"]
[Black "Klimov,A"]
[Result "0-1"]
[WhiteElo "2312"]
[BlackElo "2397"]

1.d4 Nf6 2.c4 g6 3.Nc3 Bg7 4.e4 d6 5.Nf3 O-O 6.Be2 Na6 7.O-O e5 8.Re1 Qe8
9.Bf1 Bg4 10.d5 Nb4 11.a3 Bxf3 12.gxf3 Na6 13.b4 Qe7 14.Be3 Nb8 15.c5 Nh5
16.Rc1 Nd7 17.Nb5 a6 18.Nxc7 Rac8 19.Nxa6 bxa6 20.Bxa6 Ra8 21.Bb7 Rxa3 22.c6 Nf4
23.Bxf4 exf4 24.cxd7 Qxd7 25.Bc6 Qh3 26.Bb5 Bc3 27.Bf1 Qh5 28.Rxc3 Rxc3 29.Be2 Rfc8
30.b5 Qe5 31.Qd2 Rc2 32.Qb4 Rb2 33.Qa5 Qd4 34.Qa6 Rcc2 35.Kf1 Rxe2  0-1

[Event "10th Essent Open"]
[Site "Hoogeveen NED"]
[Date "2006.10.28"]
[Round "9"]
[White "Donchenko,A"]
[Black "Pruijssers,R"]
[Result "0-1"]
[WhiteElo "2395"]
[BlackElo "2339"]

1.Nf3 Nf6 2.d4 g6 3.c4 Bg7 4.Nc3 d6 5.e4 O-O 6.Be2 e5 7.dxe5 dxe5 8.Qxd8 Rxd8
9.Bg5 Re8 10.O-O-O h6 11.Be3 c6 12.Ne1 Na6 13.f3 Bf8 14.Nc2 b6 15.Rd2 Nc5
16.Rhd1 Ne6 17.b3 h5 18.h4 Be7 19.Kb2 Nh7 20.g3 Ng7 21.a3 Nf8 22.b4 Nfe6
23.b5 c5 24.Nd5 Bd8 25.Bd3 Nd4 26.Nxd4 exd4 27.Bg5 Bb7 28.Re2 Kf8 29.a4 Rc8
30.Kb3 Bxg5 31.hxg5 Ne6 32.f4 Bxd5 33.cxd5 c4+ 34.Bxc4 d3 35.Re3 Nd4+ 36.Kc3 Nf5
37.Rdxd3 Nxe3 38.Rxe3 Rc5 39.Kd4 Rec8 40.Rc3 Ke7 41.e5 Rh8 42.d6+ Ke8 43.a5 h4
44.axb6 axb6 45.Ra3 hxg3 46.Bd5 Rh2 47.Bc6+ Kf8 48.Ra8+ Kg7 49.d7 Rd2+ 50.Ke3 g2
51.Ra1 Rcc2 52.Rg1 Re2+ 53.Kf3 Rf2+ 54.Kg3 Rfd2 55.Ra1 Ra2 56.Rg1 Rd3+ 57.Kh2 Kf8
58.Rxg2 Ra4 59.Rf2 Ke7 60.Kg2 Raa3 61.Kf1 Rd4 62.Kg2 Ke6 63.Rf3 Ra2+ 64.Rf2 Ra3
65.Rf3 Ra1 66.Kg3 Kf5 67.Bb7 Ke6 68.Bc8 Ke7 69.f5 Rg1+ 70.Kf2 Rxg5 71.fxg6 fxg6
72.e6 Rf5 73.Ke3 Rxf3+ 74.Kxd4 Rf5 75.Kc4 Rc5+ 76.Kb4 Kd8 77.Bb7 Re5 78.Bc6 Rxe6
79.Kc4 Rd6  0-1

[Event "Open A"]
[Site "Le Touquet FRA"]
[Date "2006.10.28"]
[Round "1"]
[White "Marzolo,C"]
[Black "Helstroffer,A"]
[Result "1-0"]
[WhiteElo "2483"]
[BlackElo "2227"]

1.d4 Nf6 2.c4 g6 3.Nc3 Bg7 4.e4 d6 5.Nf3 O-O 6.Be2 e5 7.Be3 exd4 8.Nxd4 Re8
9.f3 c6 10.Bf2 Nh5 11.Qd2 Be5 12.g3 a6 13.O-O b5 14.cxb5 axb5 15.a3 Bh3 16.Rfd1 Qf6
17.Rac1 Nf4 18.Bf1 Bxf1 19.Kxf1 Nh3 20.Kg2 Nxf2 21.Qxf2 Qe7 22.Rd2 Ra7 23.Nxc6 Nxc6
24.Nd5 Qd7 25.Rxc6 f5 26.exf5 Rb7 27.Rb6 Rxb6 28.Qxb6 gxf5 29.Re2 Bg7 30.Qf2 Rxe2
31.Qxe2 Kf7 32.b3 Bd4 33.Qd3 Bg7 34.Ne3 Kf6 35.a4 bxa4 36.bxa4 Bh6 37.Nd5+ Kf7
38.a5 Ke6 39.Qc4 Kf7 40.a6 Kg6 41.Qa2 Qa7 42.Ne7+  1-0

[Event "14th Chigorin Mem"]
[Site "St-Petersburg RUS"]
[Date "2006.10.28"]
[Round "7"]
[White "Iskusnyh,S"]
[Black "Sagafos,M"]
[Result "0-1"]
[WhiteElo "2520"]
[BlackElo "2358"]

1.d4 Nf6 2.c4 g6 3.Nc3 Bg7 4.e4 d6 5.Be2 O-O 6.Nf3 e5 7.O-O Na6 8.Be3 Ng4
9.Bg5 Qe8 10.Re1 h6 11.Bh4 Nf6 12.c5 g5 13.dxe5 dxe5 14.Bg3 Nxc5 15.Nxe5 Be6
16.Qc2 Qe7 17.Nc4 Rfe8 18.Ne3 c6 19.b4 Ncd7 20.a3 Nf8 21.Kf1 a5 22.Rab1 axb4
23.axb4 Ra3 24.Nc4 Bxc4 25.Bxc4 Nh5 26.Bb3 Nxg3+ 27.hxg3 Qe5 28.Re3 Ne6 29.Ne2 Ra1
30.f4 Rxb1+ 31.Qxb1 gxf4 32.gxf4 Nxf4 33.Nxf4 Qxf4+ 34.Rf3 Qh4 35.Bxf7+ Kh8
36.Rh3 Qxe4 37.Qxe4 Rxe4 38.b5 Rf4+ 39.Rf3 Rxf3+ 40.gxf3 cxb5 41.Ke2 Bf8
42.Kd3 Kg7 43.Bd5 b6 44.Bc6 b4 45.Be8 Kf6 46.Bd7 Ke5 47.Bg4 Kf4 48.Bh5 b5
49.Kd2  0-1

[Event "14th Chigorin Mem"]
[Site "St-Petersburg RUS"]
[Date "2006.10.29"]
[Round "8"]
[White "Khuseinkhodzhaev,M"]
[Black "Solovjov,S"]
[Result "0-1"]
[WhiteElo "2330"]
[BlackElo "2422"]

1.d4 Nf6 2.c4 g6 3.Nc3 Bg7 4.e4 d6 5.Nf3 O-O 6.Be2 e5 7.d5 a5 8.O-O Na6 9.Qc2 Nc5
10.Ne1 Nfd7 11.b3 f5 12.exf5 gxf5 13.a3 e4 14.Rb1 a4 15.bxa4 Qe7 16.Bf4 Ne5
17.f3 Ng6 18.Be3 exf3 19.Rxf3 f4 20.Bxc5 dxc5 21.Kf1 Ne5 22.Rf2 Bf5 23.Nd3 Nxc4
24.Qc1 Bd4 25.Rxb7 Bxd3 26.Bxd3 Ne3+ 27.Kg1 Ng4 28.Ne4 Qh4 29.Qd2 Bxf2+ 30.Nxf2 Qxh2+
31.Kf1 Ne3+ 32.Ke2 Qh5+ 33.Ke1 Nxg2+ 34.Kf1 Ne3+ 35.Ke1 Rae8 36.Qa2 c4 37.d6 Qa5+
38.Rb4 cxd6 39.Ke2 Qd5 40.Bxh7+ Kxh7  0-1

[Event "14th Chigorin Mem"]
[Site "St-Petersburg RUS"]
[Date "2006.10.29"]
[Round "8"]
[White "Mankeyev,Raua"]
[Black "Iskusnyh,S"]
[Result "1/2-1/2"]
[WhiteElo "2388"]
[BlackElo "2520"]

1.d4 Nf6 2.Nf3 g6 3.c4 Bg7 4.Nc3 O-O 5.e4 d6 6.Be2 Na6 7.O-O e5 8.Re1 Qe8
9.Bf1 Bg4 10.d5 Nb4 11.Be2 a5 12.Be3 Na6 13.h3 Bd7 14.Rb1 Nh5 15.Nd2 f5 16.exf5 Bxf5
17.Nde4 b6 18.b3 Nc5 19.Bf3 Nf6 20.Bc1 Qf7 21.Rb2 Nfxe4 22.Nxe4 Nxe4 23.Bxe4 Qf6
24.Qd2 Rf7 25.Qg5 Qxg5 26.Bxg5 Bf6 27.Bc1 Raf8 28.Rc2 h5 29.Ree2 Kh7 30.a3 Bg7
31.a4 Bh6 32.Bb2 Bg5 33.Bxf5 gxf5 34.Ba3 Ra8 35.Ra2 e4 36.b4 Bf6 37.bxa5 bxa5
38.Bb2 Kg6 39.Bxf6 Kxf6 40.f4 Rg8 41.Rab2 Rg3 42.Rb5 Rc3 43.Rxa5 Rxc4 44.Kf2 Re7
45.Ra8 h4 46.a5 Ra4 47.a6 Ra1  1/2-1/2

[Event "14th Chigorin Mem"]
[Site "St-Petersburg RUS"]
[Date "2006.10.29"]
[Round "8"]
[White "Khusnutdinov,R"]
[Black "Bodnaruk,A"]
[Result "1-0"]
[WhiteElo "2411"]
[BlackElo "2255"]

1.d4 Nf6 2.Nf3 g6 3.c4 Bg7 4.Nc3 d6 5.e4 O-O 6.Be2 e5 7.Be3 Ng4 8.Bg5 f6
9.Bh4 Nc6 10.d5 Ne7 11.Nd2 Nh6 12.f3 c5 13.a3 g5 14.Bf2 f5 15.h4 Ng6 16.h5 Ne7
17.g4 fxg4 18.fxg4 Rf4 19.Rg1 Kh8 20.Be3 Bd7 21.Qc2 a6 22.Bxf4 exf4 23.e5 Bxe5
24.Nf3 Bf6 25.Ne4 Neg8 26.O-O-O Qe7 27.Nfxg5 Bxg5 28.Qc3+ Bf6 29.Nxf6 Qxf6
30.Qxf6+ Nxf6 31.g5 Nfg4 32.gxh6 Nxh6 33.Rdf1 Rf8 34.Rf2 Bh3 35.Kd2 Rf6 36.Rh1 Bg4
37.Rhf1 f3 38.Bxf3 Kg7 39.Bxg4 Nxg4 40.Rxf6 Nxf6 41.Re1 Kf7 42.h6 Nd7 43.Rg1 Kf6
44.Rg7 Ne5 45.Rxh7 Nxc4+ 46.Kc3 Ne5 47.Rxb7 Ng6 48.h7 Nh8 49.Rd7  1-0

[Event "14th Chigorin Mem"]
[Site "St-Petersburg RUS"]
[Date "2006.10.29"]
[Round "8"]
[White "Yevseev,D"]
[Black "Mihajlovskij,S"]
[Result "1/2-1/2"]
[WhiteElo "2534"]
[BlackElo "2446"]

1.d4 g6 2.c4 Bg7 3.Nf3 d6 4.Nc3 Nf6 5.e4 O-O 6.Be2 e5 7.Be3 exd4 8.Nxd4 Re8
9.f3 c6 10.Bf2 Nbd7 11.O-O d5 12.exd5 cxd5 13.cxd5 Nb6 14.d6 Nfd5 15.Nxd5 Nxd5
16.Bc4 Nb6 17.Bb3 Bd7 18.a4 Qg5 19.a5 Nd5 20.h4 Qh5 21.Nf5 Qxf5 22.Bxd5 Bb5
23.Bxb7 Rad8 24.Re1 Be5 25.Qb3 Rxd6 26.Be4 Qd7 27.Rad1 a6 28.Rxd6 Qxd6 29.Bd5 Qf6
30.Re4 Re7 31.g3 Rc7 32.Kg2 Rc1 33.Bxf7+ Qxf7 34.Qxf7+ Kxf7 35.Rxe5 Bf1+
36.Kh2 Rc2 37.Kg1 Be2 38.Kg2 Rxb2 39.g4 Bb5 40.Kg3 Rb3 41.Be3 Kf6 42.Re4 Bc6
43.Rf4+ Ke6 44.Bb6 Bd5 45.g5 Rd3 46.Rf6+ Kd7 47.Bc5 Be6 48.Bb6 Rd5 49.Rf8 Rf5
50.Rh8 Rf7 51.f4 Kc6 52.Re8 Bf5 53.Re5 Kd6 54.Kf3 Kc6 55.Ke3 Bg4 56.Bd4 Kd6
57.Bc3 Rb7 58.Kd4 Kc6 59.Re8 Rf7 60.Ke4 Rd7 61.Ke5 Rd5+ 62.Kf6 Rf5+ 63.Kg7 Rxf4
64.Kxh7 Bf5 65.h5 gxh5+ 66.Kh6 h4 67.g6 h3 68.Kg5 Bd7 69.Kxf4  1/2-1/2

[Event "3rd Rapid Open"]
[Site "Ajaccio FRA"]
[Date "2006.10.30"]
[Round "2"]
[White "Sasikiran,K"]
[Black "Luciani,T"]
[Result "1-0"]
[WhiteElo "2675"]
[BlackElo "1749"]

1.d4 Nf6 2.c4 g6 3.Nc3 Bg7 4.e4 d6 5.Be2 O-O 6.Nf3 Nbd7 7.O-O e5 8.Be3 Ng4
9.Bg5 f6 10.Bh4 Nh6 11.d5 Nf7 12.Nd2 a5 13.a3 c5 14.Rb1 b6 15.Re1 Ba6 16.b3 Qc7
17.Nb5 Bxb5 18.cxb5 Nh6 19.Nc4 Rfe8 20.Bd3 f5 21.exf5 Nxf5 22.Bg5 Nd4 23.a4 Nf6
24.Bxf6 Bxf6 25.Rc1 Rf8 26.Be4 Rab8 27.Rc3 Qd8 28.Rf1 Be7 29.g3 Rf6 30.Kg2 Qf8
31.f3 Rb7 32.Rd3 Bd8 33.Rd2 Rbf7 34.Rdf2 Kg7 35.Qd3 Bc7 36.Ne3 Re7 37.Ng4 Rff7
38.h4 Qe8 39.Rh1 Rf8 40.h5 gxh5 41.Ne3 Kh8 42.Rh3 Qf7 43.g4 Rg8 44.Kh1 Rg7
45.Rxh5 Kg8 46.Nf5 Nxf5 47.Bxf5 Bd8 48.Rfh2 Kf8 49.Rxh7 Ke8  1-0